| 000 -LEADER |
| fixed length control field |
01757cam a2200361 a 4500 |
| 001 - CONTROL NUMBER |
| control field |
3559770 |
| 003 - CONTROL NUMBER IDENTIFIER |
| control field |
nust |
| 005 - DATE AND TIME OF LATEST TRANSACTION |
| control field |
20170224113529.0 |
| 008 - FIXED-LENGTH DATA ELEMENTS--GENERAL INFORMATION |
| fixed length control field |
980211s1998 dcuab b i000 0 eng |
| 010 ## - LIBRARY OF CONGRESS CONTROL NUMBER |
| LC control number |
98014646 |
| 020 ## - INTERNATIONAL STANDARD BOOK NUMBER |
| International Standard Book Number |
0821341863 |
| 040 ## - CATALOGING SOURCE |
| Original cataloging agency |
DLC |
| Transcribing agency |
DLC |
| Modifying agency |
DLC |
| 050 00 - LIBRARY OF CONGRESS CALL NUMBER |
| Classification number |
HD75.8 |
| Item number |
.R54 1998 |
| 082 00 - DEWEY DECIMAL CLASSIFICATION NUMBER |
| Classification number |
338.9 |
| Edition number |
21 |
| 100 2# - MAIN ENTRY--PERSONAL NAME |
| Personal name |
Rietbergen-McCracken, Jennifer, |
| Dates associated with a name |
1962- |
| 245 10 - TITLE STATEMENT |
| Title |
Participation and social assessment : |
| Remainder of title |
tools and techniques / |
| Statement of responsibility, etc. |
compiled by Jennifer Rietbergen-McCracken, Deepa Narayan. |
| 260 ## - PUBLICATION, DISTRIBUTION, ETC. |
| Place of publication, distribution, etc. |
Washington, D.C. : |
| Name of publisher, distributor, etc. |
International Bank for Reconstruction and Development/World Bank, |
| Date of publication, distribution, etc. |
c1998. |
| 300 ## - PHYSICAL DESCRIPTION |
| Extent |
x, 347 p. : |
| Other physical details |
ill., map ; |
| Dimensions |
28 cm. |
| 500 ## - GENERAL NOTE |
| General note |
"Toolkit is a revised and updated version of Participatory tools and techniques : a resource kit for participation and social assessment, distributed in June 1997"--Ack. |
| 500 ## - GENERAL NOTE |
| General note |
Accompanied by one video cassette (VHS) with title: Participatory techniques in action. |
| 500 ## - GENERAL NOTE |
| General note |
Book and video cassette enclosed in slipcase of 30 x 23 x 6 cm. |
| 504 ## - BIBLIOGRAPHY, ETC. NOTE |
| Bibliography, etc. note |
Includes bibliographical references. |
| 650 #0 - SUBJECT ADDED ENTRY--TOPICAL TERM |
| Topical term or geographic name entry element |
Economic development projects |
| General subdivision |
Study and teaching. |
| 650 #0 - SUBJECT ADDED ENTRY--TOPICAL TERM |
| Topical term or geographic name entry element |
Rural development |
| General subdivision |
Study and teaching. |
| 650 #0 - SUBJECT ADDED ENTRY--TOPICAL TERM |
| Topical term or geographic name entry element |
Community development |
| General subdivision |
Study and teaching. |
| 650 #0 - SUBJECT ADDED ENTRY--TOPICAL TERM |
| Topical term or geographic name entry element |
Social participation |
| General subdivision |
Study and teaching. |
| 650 #0 - SUBJECT ADDED ENTRY--TOPICAL TERM |
| Topical term or geographic name entry element |
Evaluation research (Social action programs) |
| 700 2# - ADDED ENTRY--PERSONAL NAME |
| Personal name |
Narayan-Parker, Deepa. |
| 730 0# - ADDED ENTRY--UNIFORM TITLE |
| Uniform title |
Participatory tools and techniques. |
| 906 ## - LOCAL DATA ELEMENT F, LDF (RLIN) |
| a |
7 |
| b |
cbc |
| c |
orignew |
| d |
1 |
| e |
ocip |
| f |
19 |
| g |
y-gencatlg |
| 942 ## - ADDED ENTRY ELEMENTS (KOHA) |
| Source of classification or shelving scheme |
|
| Koha item type |
Book |